Normal view
MARC view
- Ieee Islamabad Section , Gik
Entry Personal Name
001 - CONTROL NUMBER
- control field: 64406
003 - CONTROL NUMBER IDENTIFIER
- control field: NUST
005 - DATE AND TIME OF LATEST TRANSACTION
- control field: 20210628203252.0
008 - FIXED-LENGTH DATA ELEMENTS
- fixed length control field: 210628|| aca||aabn | a|a d
040 ## - CATALOGING SOURCE
- Original cataloging agency: NUST
- Transcribing agency: NUST
100 ## - HEADING--PERSONAL NAME
- Personal name: Ieee Islamabad Section , Gik
670 ## - SOURCE DATA FOUND
- Source citation: Work cat.: (NUST): Ieee Islamabad Section , Gik, Proceeding inmic 2003, 7th international multitopic conference 8-9 december,ieee islamabd section, 2003
